| 000 | 00560nam a22001817a 4500 | ||
|---|---|---|---|
| 003 | BD-ChCU | ||
| 005 | 20251014093626.0 | ||
| 008 | 251014b ii ||||| |||| 00| 0 eng d | ||
| 040 | _cBD-ChCU | ||
| 082 | _a378.5414 SIS | ||
| 100 |
_aDas, Sisirkumar _914118 |
||
| 245 |
_aSahibs and munshis; an account of the college of fort william. / _cSisir kumar Das |
||
| 260 |
_aCalcutta : _bOrion Pub. , _cc1978 |
||
| 300 | _axiii, 192p. | ||
| 504 | _aIncludes bibliog., illus. | ||
| 650 | 0 |
_aCollege- Fort William , Education, Higher. _914122 |
|
| 942 |
_2ddc _cBK _n0 |
||
| 999 |
_c108494 _d108494 |
||